Intermediate accounting
Сохранить в:
| Главный автор: | |
|---|---|
| Формат: | |
| Язык: | Undetermined |
| Опубликовано: |
Boston
McGraw-Hill/Irwin
2004
|
| Предметы: | |
| Метки: |
Добавить метку
Нет меток, Требуется 1-ая метка записи!
|
| Thư viện lưu trữ: | Trung tâm Học liệu Trường Đại học Cần Thơ |
|---|
| LEADER | 00584nam a2200193Ia 4500 | ||
|---|---|---|---|
| 001 | CTU_214773 | ||
| 008 | 210402s9999 xx 000 0 und d | ||
| 082 | |a 657.044 | ||
| 082 | |b S754/Vol.1 | ||
| 100 | |a Spiceland, J. David | ||
| 245 | 0 | |a Intermediate accounting | |
| 245 | 0 | |c J. David Spiceland , James F. Sepe and Lawrence A. Tomassini | |
| 260 | |a Boston | ||
| 260 | |b McGraw-Hill/Irwin | ||
| 260 | |c 2004 | ||
| 650 | |a Accounting | ||
| 904 | |i Qhieu | ||
| 910 | |a Sách kèm theo đĩa CD có số : AV.005132 | ||
| 980 | |a Trung tâm Học liệu Trường Đại học Cần Thơ | ||